000 00803nam a22002297a 4500
999 _c11590
_d11590
003 AR-CdUCM
008 190404b ||||| |||| 00| 0 spa d
040 _aMUNICIPALIDAD PROVINCIAL DEL CUSCO
_cBIBLIOTECA MUNICIPAL DEL CUSCO
082 _a869.53 /
_bL25P / 1947
100 _aLara, Jesús
_915806
245 _aLa poesía Quechua :
_bEnsayo y antología /
260 _aCochabamba :
_bUniversidad Mayor de San Simón,
_c1947.
300 _a224 páginas ;
_c23 cm.
500 _aTexto en español y quechua.
505 _aContenido: La poesía Quechua -- Antología -- Era Colonial --Era Republicana.
650 _aLiteratura Peruana
_9132
650 _aSiglo XX
_98
650 _aEra Colonial
_929024
650 _aPoesías en Quechua
_929025
942 _2ddc
_cLIBROS
945 _aachl
_d2019-04-04